Представление документа в формате RUSMARC

ПолеНазваниеЗначение
  Тип записи a
  Библиографический уровень m
001 Контрольный номер RU/SLIB/B/208756187
005 Дата корректировки 20201206204154.0
010 Индекс ISBN __
d Цена 12500-00
101 Язык документа __
a Язык текста rus
200 Заглавие и сведения об ответственности __
a Заглавие О познании
e Сведения, относящиеся к заглавию в 2 т.
f Первые сведения об ответственности пер. с англ. С.И. Церетели ; вступ. ст. М.А. Абрамова ; примеч. И.С. Нарского
b Общее обозначение материала Текст
210 Выходные данные __
a Место издания М.
c Издательство Канон
d Дата издания 1995
215 Физическое описание __
a Объем 399 с.
225 Серия __
a Серия История философии в памятниках
461 Уровень набора __
1 2001
a Трактат о человеческой природе
v Т. 1. Кн. 1
606 Тематические рубрики __
a Основная рубрика Философия
y Географическая подрубрика Великобритания
610 Ключевые слова __
a Ключевые слова познание; человеческая природа
686 Индексы других классификаций __
a Классификационный индекс 87.3(4Вел)
a Классификационный индекс 87.22
700 Автор __
a Фамилия Юм
b Имя Д.
4 Код отношения 070
801 Источник записи _0
a Страна RU
b Организация Муниципальное бюджетное учреждение культуры "Централизованная библиотечная система" г. Сургут (Центральная городская библиотека им. А. С. Пушкина)
g Правила каталогизации КиК/Уланова
801 Источник записи _1
a Страна RU
b Организация Муниципальное бюджетное учреждение культуры "Централизованная библиотечная система" г. Сургут (Центральная городская библиотека им. А. С. Пушкина)
g Правила каталогизации КиК/Уланова
852 Данные о местонахождении __
j Шифр хранения 87.3(4Вел)
c Каталожный индекс 87.3(4Вел), 87.22
i Авторский знак Ю 41
p Инвентарный номер 56839
901 Тип документа __
t Тип документа m
990 Данные о заказе (DOS) __
j Количество экземпляров (DOS) 1